Campus da Universidade Federal de Mato Grosso do Sul - Statistics

Estatísticas Gerais
  • Esse quiz foi jogado 21 vezes
  • A pontuação média é 7 de 10
Estatísticas das Respostas
Dica Resposta % Correto
Cidade Universitária Campo Grande
100%
CPTL Três Lagoas
93%
CPCX Coxim
86%
CPAN Pantanal - Corumbá
86%
CPNV Naviraí
79%
CPPP Ponta Porã
79%
CPNA Nova Andradina
71%
CPAR Paranaíba
64%
CPCS Chapadão do Sul
36%
CPAQ Aquidauna
21%
Nenhum quiz correspondente encontrado
Distribuição das Pontuações
Porcentagem de Pessoas com Cada Pontuação
Percentil de Números Respondidos
Sua Pontuação Histórica
Você não jogou esse quiz